| 000 | 00569nam a22001937a 4500 | ||
|---|---|---|---|
| 003 | OSt | ||
| 005 | 20240207112114.0 | ||
| 007 | ta | ||
| 008 | 210223e2020 dr a|||er|||| 001 0dspa d | ||
| 020 | _a9789945618235 | ||
| 040 |
_aDO-SdBNP _bspa _cBNPHU |
||
| 041 | _hspa | ||
| 082 | _bO775p | ||
| 100 | 1 |
_977897 _aOrtíz Ramos , Ángel Alfredo _d1969- |
|
| 245 | 1 |
_aPunta de Garza : _bun pedacito de San Pedro / _cÁngel A. Ortíz Ramos. |
|
| 264 |
_aRepública Dominicana : _bSin editorial ; _c2020. |
||
| 300 |
_a138 páginas _bilustraciones ; _c21 cm. |
||
| 942 |
_2ddc _cLBS1 |
||
| 999 |
_c49438 _d49438 |
||